Представление документа в формате RUSMARC

ПолеНазваниеЗначение
  Тип записи a
  Библиографический уровень m
001 Контрольный номер 932f5dce99ea405aa798059f705dcb5d
005 Дата корректировки 20230109162900.2
010 Индекс ISBN __
d Цена 900-00
100 Данные общей обработки __
a Данные общей обработки 20220407f19 m y0rusy028902 ca
101 Язык документа 0_
a Язык текста rus
102 Страна публикации __
a Страна публикации RU
105 Кодированные данные (монография) __
a Кодированные данные (монография) a z 000yy
181 Поле кодированных данных: вид содержания _0
a Код вида содержания (ISBD) i
182 Поле кодированных данных: тип средства _0
a Код типа средства (ISBD) n
200 Заглавие и сведения об ответственности 1_
a Заглавие Винт и другие коммерческие карточные игры как-то: преферанс, вист, ералаш, вист-преферанс, пикет, безик, рамс, стуколка, шестьдесят шесть и т. д., с полным и подробным объяснением правил и законов винта
f Первые сведения об ответственности составил любитель винта и член многих московских клубов Ф. П. Полтавцев
e Сведения, относящиеся к заглавию с подробным описанием игры в винт классический, с прикупкой, пересыпкой, с гвоздем, гусарский, кавказский и пр.
203 Вид содержания и тип средства __
a Вид содержания Текст
c Тип средства непосредственный
205 Сведения об издании __
a Основные сведения об издании Репринтное воспроизведение издания 1896 г.
210 Выходные данные 1_
a Место издания [Б. м.
c Издательство б. и.
d Дата издания 19--?]
215 Физическое описание __
a Объем 176, [4] с.
c Иллюстрации/тип воспроизводства рис.
d Формат 20 см
300 Общие примечания __
a Общие примечания Дореформенная орфография
300 Общие примечания __
a Общие примечания На титульной странице выходные данные оригинала издания: Москва: Типо-литографiя Ф. Л. Шмидекке, 1896
330 Аннотация __
a Аннотация Репринтное издание в обложке, присутствуют незначительные потертости и загрязнения.
606 Тематические рубрики __
a Основная рубрика Досуг
2 Код системы nlr_sh
606 Тематические рубрики __
a Основная рубрика Организация досуга
2 Код системы nlr_sh
610 Ключевые слова 0_
a Ключевые слова карточные игры
610 Ключевые слова 0_
a Ключевые слова игры в карты
610 Ключевые слова 0_
a Ключевые слова винт (карточная игра)
610 Ключевые слова 0_
a Ключевые слова преферанс
610 Ключевые слова 0_
a Ключевые слова вист
610 Ключевые слова 0_
a Ключевые слова ералаш (карточная игра)
610 Ключевые слова 0_
a Ключевые слова пикет (карточная игра)
610 Ключевые слова 0_
a Ключевые слова безик (карточная игра)
610 Ключевые слова 0_
a Ключевые слова рамс (карточная игра)
610 Ключевые слова 0_
a Ключевые слова стуколка (карточная игра)
686 Индексы других классификаций __
a Классификационный индекс 77.563.33
2 Код системы rubbks
702 Вторичная интеллектуальная ответственность _1
a Фамилия Полтавцев
b Имя Ф. П.
4 Код отношения 220
801 Источник записи _0
a Страна RU
b Организация Муниципальное бюджетное учреждение культуры "Централизованная библиотечная система" г. Сургут (Центральная городская библиотека им. А. С. Пушкина)
g Правила каталогизации PSBO
c Дата составления 20220407
801 Источник записи _1
a Страна RU
b Организация Муниципальное бюджетное учреждение культуры "Централизованная библиотечная система" г. Сургут (Центральная городская библиотека им. А. С. Пушкина)
g Правила каталогизации PSBO
c Дата составления 20220407
852 Данные о местонахождении __
j Шифр хранения 77.563.33
i Авторский знак В 50
900 Макрообъекты __
a Макрообъекты Винт и другие коммерческие карточные игры. Ф.П. Полтавцев. Репринтное изд. 1896
901 Тип документа __
t Тип документа m
a Ответственный КиК/Котельникова
903 Характеристики (МАРС) __
a Дата передачи 20220407
c Наименование библиотеки (МАРС) Муниципальное бюджетное учреждение культуры "Централизованная библиотечная система" г. Сургут (Центральная городская библиотека им. А. С. Пушкина)
990 Данные о заказе (DOS) __
j Количество экземпляров (DOS) 1
t N записи в КСУ для И/У (DOS) 202204